00313nam a2200121Ia 4500020001500000082001800015100001900033245003700052260003600089300000800125650003500133700002300168 a8181433718 a320.954 KOT-B aKothari, Rajni 0aBharat mein rajniti: kal aur aaj aNew DelhibVani Prakashanc2005 a516 aIndiavPolitics and government aDubey, Abhay Kumar